Wszystkie gminy w Dolnośląskim - Statystyki

Ogólne statystyki
  • Ten quiz został rozwiązany 467 razy
  • Średni wynik to 67 z 166
Statystyki odpowiedzi
Powiat Typ gminy Gmina % Poprawnych
miasto na prawach powiatu Wrocław
91%
Wałbrzych
89%
Legnica
88%
Jelenia Góra
84%
lubiński miejska Lubin
83%
świdnicki miejska | wiejska Świdnica
78%
jaworski miejska Jawor
77%
lubański miejska | wiejska Lubań
76%
oławski miejska Oława
76%
oleśnicki miejska | wiejska Oleśnica
76%
trzebnicki miejsko-wiejska Trzebnica
76%
głogowski miejska | wiejska Głogów
75%
miejska | wiejska Kłodzko
74%
polkowicki miejska Polkowice
74%
zgorzelecki miejska | wiejska Zgorzelec
74%
złotoryjski miejska | wiejska Złotoryja
73%
bolesławiecki miejska | wiejska Bolesławiec
72%
dzierżoniowski miejska | wiejska Dzierżoniów
72%
kamiennogórski miejska Kamienna Góra
72%
średzki miejsko-wiejska Środa Śląska
72%
strzeliński miejsko-wiejska Strzelin
72%
wołowski miejsko-wiejska Wołów
72%
milicki miejsko-wiejska Milicz
70%
ząbkowicki miejsko-wiejska Ząbkowice Śląskie
69%
lwówecki miejsko-wiejska Lwówek Śląski
68%
górowski miejsko-wiejska Góra
67%
karkonoski miejska Karpacz
62%
miejsko-wiejska Kąty Wrocławskie
62%
miejska Polanica-Zdrój
56%
miejska Szklarska Poręba
56%
miejska Bielawa
55%
kłodzki miejska Duszniki-Zdrój
55%
miejska Kudowa-Zdrój
54%
miejsko-wiejska Jelcz-Laskowice
52%
miejsko-wiejska Sobótka
52%
wiejska Kobierzyce
51%
wrocławski miejsko-wiejska Siechnice
51%
miejsko-wiejska Bogatynia
50%
wiejska Długołęka
50%
miejsko-wiejska Strzegom
49%
miejsko-wiejska Żmigród
49%
miejsko-wiejska Brzeg Dolny
47%
miejsko-wiejska Bystrzyca Kłodzka
47%
miejsko-wiejska Lądek-Zdrój
47%
miejsko-wiejska Międzylesie
47%
miejsko-wiejska Bardo
46%
miejsko-wiejska Ścinawa
46%
miejsko-wiejska Stronie Śląskie
46%
miejsko-wiejska Lubawka
45%
miejska | wiejska Nowa Ruda
45%
legnicki miejska | wiejska Chojnów
44%
wałbrzyski miejska Boguszów-Gorce
43%
miejsko-wiejska Bolków
43%
miejsko-wiejska Gryfów Śląski
43%
miejska Świeradów-Zdrój
43%
miejsko-wiejska Oborniki Śląskie
42%
miejsko-wiejska Prochowice
41%
miejska Świebodzice
41%
miejska Szczawno-Zdrój
41%
miejsko-wiejska Złoty Stok
41%
miejsko-wiejska Kamieniec Ząbkowicki
40%
miejska Kowary
40%
wiejska Żórawina
40%
miejsko-wiejska Ziębice
39%
miejska Jedlina-Zdrój
38%
miejsko-wiejska Niemcza
38%
miejsko-wiejska Radków
38%
miejsko-wiejska Jaworzyna Śląska
37%
miejsko-wiejska Pieszyce
37%
miejsko-wiejska Twardogóra
37%
wiejska Wisznia Mała
37%
wiejska Czernica
36%
wiejska Legnickie Pole
36%
wiejska Miękinia
36%
wiejska Mietków
36%
miejsko-wiejska Mirsk
36%
miejsko-wiejska Prusice
36%
miejsko-wiejska Syców
36%
miejsko-wiejska Głuszyca
35%
wiejska Jordanów Śląski
35%
miejsko-wiejska Bierutów
34%
miejsko-wiejska Mieroszów
34%
miejska Piechowice
34%
miejska Piława Górna
34%
wiejska Kostomłoty
33%
miejsko-wiejska Szczytna
33%
wiejska Lewin Kłodzki
32%
wiejska Łagiewniki
31%
miejsko-wiejska Leśna
31%
miejsko-wiejska Nowogrodziec
31%
wiejska Rudna
31%
miejsko-wiejska Wleń
31%
miejsko-wiejska Przemków
30%
miejsko-wiejska Chocianów
29%
wiejska Walim
29%
miejsko-wiejska Żarów
29%
miejsko-wiejska Świerzawa
28%
miejsko-wiejska Węgliniec
28%
miejsko-wiejska Olszyna
27%
miejsko-wiejska Wąsosz
26%
wiejska Czarny Bór
25%
wiejska Jeżów Sudecki
25%
miejsko-wiejska Lubomierz
25%
wiejska Malczyce
25%
miejsko-wiejska Międzybórz
25%
miejsko-wiejska Pieńsk
25%
miejsko-wiejska Wiązów
25%
miejska Zawidów
24%
miejska Wojcieszów
23%
wiejska Krośnice
22%
wiejska Marciszów
22%
wiejska Mysłakowice
22%
wiejska Janowice Wielkie
21%
wiejska Udanin
21%
wiejska Wińsko
21%
wiejska Dobroszyce
20%
wiejska Kunice
20%
wiejska Stara Kamienica
20%
wiejska Dobromierz
19%
wiejska Gromadka
19%
wiejska Warta Bolesławiecka
19%
wiejska Cieszków
18%
wiejska Marcinowice
18%
wiejska Borów
17%
wiejska Ciepłowody
17%
wiejska Osiecznica
17%
wiejska Podgórzyn
17%
wiejska Radwanice
17%
wiejska Wądroże Wielkie
17%
wiejska Jerzmanowa
16%
wiejska Pielgrzymka
16%
wiejska Dziadowa Kłoda
15%
wiejska Stare Bogaczowice
15%
wiejska Domaniów
14%
wiejska Miłkowice
14%
wiejska Ruja
14%
wiejska Stoszowice
14%
wiejska Zagrodno
14%
wiejska Zawonia
14%
wiejska Kondratowice
13%
wiejska Krotoszyce
13%
wiejska Platerówka
13%
wiejska Grębocice
12%
wiejska Kotla
12%
wiejska Paszowice
12%
wiejska Siekierczyn
12%
wiejska Sulików
12%
wiejska Jemielno
11%
wiejska Męcinka
11%
wiejska Mściwojów
11%
wiejska Przeworno
11%
wiejska Gaworzyce
9%
wiejska Niechlów
9%
wiejska Pęcław
9%
wiejska Żukowice
9%
Nie znaleziono quizów pasujących do podanych kryteriów
Rozkład punktacji
Procent ludzi z każdym wynikiem
Percentyl według liczby udzielonych odpowiedzi
Twoja historia wyników
Nie rozwiązałeś tego quizu